|
|
|
|
| LEADER |
03781nam a22005775i 4500 |
| 001 |
978-3-540-76650-6 |
| 003 |
DE-He213 |
| 005 |
20151204154951.0 |
| 007 |
cr nn 008mamaa |
| 008 |
100301s2007 gw | s |||| 0|eng d |
| 020 |
|
|
|a 9783540766506
|9 978-3-540-76650-6
|
| 024 |
7 |
|
|a 10.1007/978-3-540-76650-6
|2 doi
|
| 040 |
|
|
|d GrThAP
|
| 050 |
|
4 |
|a QA76.758
|
| 072 |
|
7 |
|a UMZ
|2 bicssc
|
| 072 |
|
7 |
|a UL
|2 bicssc
|
| 072 |
|
7 |
|a COM051230
|2 bisacsh
|
| 082 |
0 |
4 |
|a 005.1
|2 23
|
| 245 |
1 |
0 |
|a Formal Methods and Software Engineering
|h [electronic resource] :
|b 9th International Conference on Formal Engineering Methods, ICFEM 2007, Boca Raton, FL, USA, November 14-15, 2007. Proceedings /
|c edited by Michael Butler, Michael G. Hinchey, María M. Larrondo-Petrie.
|
| 264 |
|
1 |
|a Berlin, Heidelberg :
|b Springer Berlin Heidelberg,
|c 2007.
|
| 300 |
|
|
|a VIII, 387 p.
|b online resource.
|
| 336 |
|
|
|a text
|b txt
|2 rdacontent
|
| 337 |
|
|
|a computer
|b c
|2 rdamedia
|
| 338 |
|
|
|a online resource
|b cr
|2 rdacarrier
|
| 347 |
|
|
|a text file
|b PDF
|2 rda
|
| 490 |
1 |
|
|a Lecture Notes in Computer Science,
|x 0302-9743 ;
|v 4789
|
| 505 |
0 |
|
|a Invited Talks -- A System Development Process with Event-B and the Rodin Platform -- Challenges in Software Certification -- Security and Knowledge -- Integrating Formal Methods with System Management -- Formal Engineering of XACML Access Control Policies in VDM++ -- A Verification Framework for Agent Knowledge -- Embedded Systems -- From Model-Based Design to Formal Verification of Adaptive Embedded Systems -- Machine-Assisted Proof Support for Validation Beyond Simulink -- VeSTA: A Tool to Verify the Correct Integration of a Component in a Composite Timed System -- Testing -- Integrating Specification-Based Review and Testing for Detecting Errors in Programs -- Testing for Refinement in CSP -- Reducing Test Sequence Length Using Invertible Sequences -- Automated Analysis -- Model Checking with SAT-Based Characterization of ACTL Formulas -- Automating Refinement Checking in Probabilistic System Design -- Model Checking in Practice: Analysis of Generic Bootloader Using SPIN -- Model Checking Propositional Projection Temporal Logic Based on SPIN -- Hardware -- A Denotational Semantics for Handel-C Hardware Compilation -- Automatic Generation of Verified Concurrent Hardware -- Modeling and Verification of Master/Slave Clock Synchronization Using Hybrid Automata and Model-Checking -- Concurrency -- Efficient Symbolic Execution of Large Quantifications in a Process Algebra -- Formalizing SANE Virtual Processor in Thread Algebra -- Calculating and Composing Progress Properties in Terms of the Leads-to Relation -- Erratum -- Erratum to: Challenges in Software Certification.
|
| 650 |
|
0 |
|a Computer science.
|
| 650 |
|
0 |
|a Software engineering.
|
| 650 |
|
0 |
|a Computer programming.
|
| 650 |
|
0 |
|a Programming languages (Electronic computers).
|
| 650 |
|
0 |
|a Computer logic.
|
| 650 |
|
0 |
|a Computers.
|
| 650 |
1 |
4 |
|a Computer Science.
|
| 650 |
2 |
4 |
|a Software Engineering/Programming and Operating Systems.
|
| 650 |
2 |
4 |
|a Programming Techniques.
|
| 650 |
2 |
4 |
|a Software Engineering.
|
| 650 |
2 |
4 |
|a Models and Principles.
|
| 650 |
2 |
4 |
|a Logics and Meanings of Programs.
|
| 650 |
2 |
4 |
|a Programming Languages, Compilers, Interpreters.
|
| 700 |
1 |
|
|a Butler, Michael.
|e editor.
|
| 700 |
1 |
|
|a Hinchey, Michael G.
|e editor.
|
| 700 |
1 |
|
|a Larrondo-Petrie, María M.
|e editor.
|
| 710 |
2 |
|
|a SpringerLink (Online service)
|
| 773 |
0 |
|
|t Springer eBooks
|
| 776 |
0 |
8 |
|i Printed edition:
|z 9783540766483
|
| 830 |
|
0 |
|a Lecture Notes in Computer Science,
|x 0302-9743 ;
|v 4789
|
| 856 |
4 |
0 |
|u http://dx.doi.org/10.1007/978-3-540-76650-6
|z Full Text via HEAL-Link
|
| 912 |
|
|
|a ZDB-2-SCS
|
| 912 |
|
|
|a ZDB-2-LNC
|
| 950 |
|
|
|a Computer Science (Springer-11645)
|